Newton
Elmentve itt :
| Szerző: | |
|---|---|
| Dokumentumtípus: | Cikk |
| Megjelent: |
1942
|
| Sorozat: | Magyar lélek : a magyar népművelők országos folyóirata
4 No. 11 |
| Kulcsszavak: | Newton Isaac, Fizika |
| Online Access: | http://misc.bibl.u-szeged.hu/2038 |
| LEADER | 00583nab a2200169 i 4500 | ||
|---|---|---|---|
| 001 | misc2038 | ||
| 005 | 20191106141931.0 | ||
| 008 | 170607s1942 hu o 0|| hun d | ||
| 040 | |a SZTE Miscellanea Repozitórium |b hun | ||
| 041 | |a hun | ||
| 100 | 1 | |a Szombathy Miklós | |
| 245 | 1 | 0 | |a Newton |h [elektronikus dokumentum] / |c Szombathy Miklós |
| 260 | |c 1942 | ||
| 300 | |a 495-498 | ||
| 490 | 0 | |a Magyar lélek : a magyar népművelők országos folyóirata |v 4 No. 11 | |
| 695 | |a Newton Isaac, Fizika | ||
| 856 | 4 | 0 | |u http://misc.bibl.u-szeged.hu/2038/1/magyar_lelek_004_011_495-498.pdf |z Dokumentum-elérés |